| 000 | 01003nam a2200313 a 4500 | ||
|---|---|---|---|
| 001 | 155675 | ||
| 003 | OSt | ||
| 005 | 20210923131619.0 | ||
| 008 | 180327 ### HIN | ||
| 020 | _a9783540282464 | ||
| 082 |
_a531.01515 _bA64M |
||
| 100 | _aArnolʹd, Vladimir I. | ||
| 245 |
_aMathematical aspects of classical and celestial mechanics _cby Vladimir I. Arnold, Valery V. Kozlov and Anatoly I. Neiishtadt |
||
| 250 | _a3rd ed. | ||
| 260 |
_aBerlin _bSpinger _c2006 |
||
| 300 | _axiii, 518p. | ||
| 490 | _aEncyclopaedia of mathematical sciences, v.3.; Dynamical systems III | ||
| 653 | _aCelestial mechanics | ||
| 653 | _aMechanics, Analytic | ||
| 653 | _aMathematical physics | ||
| 653 | _aDifferentiable dynamical systems | ||
| 653 | _aDifferential equations | ||
| 653 | _aDifferential equations, Partial | ||
| 653 | _aMathematics | ||
| 653 | _aGlobal analysis (Mathematics) | ||
| 700 | _aKozlov, Valery V. | ||
| 700 | _aNeĭshtadt, Anatoly I. | ||
| 942 |
_2ddc _cBK |
||
| 999 |
_c18115 _d18115 |
||